000 02470cam a2200457 4500
003 FlBoTFG
005 20260416150007.0
008 250313s2025 xx o 0|| 0 eng d
020 _a9781040341131
020 _a1040341136
020 _a9781003518280
020 _a1003518281
020 _a9781040341087
020 _a104034108X
020 _z1032854596
020 _z9781032854595
072 7 _aPHDY
_2bicssc
072 7 _aTEC021000
_2bisacsh
072 7 _aTGMB
_2bicssc
072 7 _aTHN
_2bicssc
072 7 _aTGB
_2bicssc
072 7 _aTHX
_2bicssc
072 7 _aPBW
_2bicssc
072 7 _aSCI024000
_2bisacsh
082 0 4 _a621.042
_223/eng/20250320
100 1 _aSadrameli, Seyed Mojtaba.
245 1 0 _aPhase change materials for energy management and efficiency
260 _a[S.l.] :
_bCRC PRESS,
_c2025.
300 _a1 online resource
520 _aThis book explores the prospective applications of Phase Change Materials (PCMs) in energy storage systems, thermal system temperature control, peak shifting, and energy management. It starts with definitions and a brief history of energy storage systems, followed by an exploration of different types of PCMs, encapsulation techniques, heat transfer enhancement methods, and the applications and challenges of PCMs. The book provides a comprehensive overview of PCM applications in building envelopes, free cooling, electrical appliances, lithium-ion batteries, textiles, solar panels, vehicles and logistics, and more across 14 chapters. Demonstrates various techniques for the enhancement of energy storage systems. Offers an applied approach. Discusses energy management, thermal control, peak shifting, energy conservation, and energy storage.Aimed at researchers in industrial manufacturing sectors, it can also serve as a resource for undergraduate and graduate students in energy management courses. In addition, this reference is valuable for engineers and scientists focused on energy optimization and the application of sustainable materials.
650 0 _aPower resources
650 0 _aPhase transformations (Statistical physics)
650 0 _aMaterials
650 0 _xManagement.
650 0 _xThermal properties.
856 4 0 _uhttps://www.taylorfrancis.com/books/9781003518280
856 4 2 _uhttp://www.oclc.org/content/dam/oclc/forms/terms/vbrl-201703.pdf
856 4 0 _3Taylor & Francis
856 4 2 _3OCLC metadata license agreement
942 _cE-BOOK
_2ddc
999 _c49630
_d49630